| 000 | 01838nab a2200253 i 4500 | ||
|---|---|---|---|
| 003 | BR-BrBNA | ||
| 005 | 20250414080503.0 | ||
| 008 | 250414b2016 bl.qr|pooa||| 00| 0 por | | ||
| 040 |
_aBR-BrBNA _bpor |
||
| 072 | _aF70 | ||
| 100 | _aPirani, José Rubens | ||
| 100 | _aDevecchi, Marcelo Fernando | ||
| 245 | _aFlora das cangas da Serra dos Carajás, Pará, Brasil: Picramniaceae | ||
| 500 | _aPublicação on-line; 9 ref.; 1 illus.; Summaries (En, Pt) | ||
| 520 | _a Resumo Duas espécies de Picramniaceae foram registradas na Serra dos Carajás, Pará, Brasil, pertencentes ao gênero Picramnia: P. ferrea e P. latifolia. Apenas a primeira foi registrada nas áreas de cangas da Serra, sendo endêmica da área. O presente estudo taxonômico apresenta descrição morfológica, ilustrações detalhadas e comentários diagnósticos de P. ferrea. Palavras-chave: Carajás, conservação, Eudicotiledôneas, Picramnia. Abstract Two species of Picramniaceae are found in Serra dos Carajás, Pará, Brazil, both belonging to the genus Picramnia: P. ferrea and P. latifolia. Only the former one was recorded in the areas of cangas, being a species endemic to the cangas. This taxonomic study presents a morphological description, detailed illustrations and diagnostic comments of P. ferrea. Key words: Carajás, conservation, Eudicots, Picramnia. | ||
| 650 | _aCARAJÁS | ||
| 650 | _aCONSERVAÇÃO | ||
| 650 | _aPARÁ | ||
| 650 | _aTAXONOMIA | ||
| 773 | 0 |
_0709 _9349694 _dRio de Janeiro-RJ Jardim Botanico do Rio de Janeiro 1935 _o2025-2214 _tRodriguésia (Brazil) _x0370-6583; 2175-7860 on-line _gv. 67(5 special number) p. 1447-1449; (2016) _wBR2025000675 |
|
| 856 | _uhttps://www.scielo.br/j/rod/a/rgYc6Q7FP6vDNrBHMh3ZRRb/?format=pdf&lang=pt | ||
| 942 | _cANA | ||
| 999 |
_c331008 _d331008 |
||